000 00705nam a2200241Ia 4500
003 GCL
008 140319s9999 xx 000 0 ara d
040 _aGCL /
_cGCL
082 0 4 _a330.9095
_bك ا
100 1 _aمجدى نصيف
245 1 0 _aالاستعداد للقرن الواحد والعشرين /
_cمجدى نصيف
700 1 _aكيندى ,بول
300 _a214 ص
490 _a
650 0 4 _aالدول النامية
650 0 4 _aالاتحاد السوفيتى
650 0 4 _aاليابان
650 0 4 _aالتنمية الاقتصادية
650 0 4 _aالصين
650 0 4 _aالهند
650 0 4 _aاوربا - التكامل الاقتصادى
942 _2ddc
_cBK
999 _c39578
_d39578